000 00608nam a22001817a 4500
003 OSt
005 20251126093035.0
008 251126b |||||||| |||| 00| 0 eng d
020 _a971-8510-83-4.
040 _aDWCL-Main lib
_cOC
082 _aFil. 510 B554b 2006
100 _aBesavilla, Venancio I., Jr.
245 _aBasic mathematics for engineering licensure exams
_cBesavilla, Venancio I., Jr.
260 _aCebu City :
_bVIB Publisher,
_cc2006.
300 _a610 pages :
_billustration ;
_c21 cm.
650 _21. Mathematics-Engineering-Examinations, questions, etc.
942 _2ddc
_cBK - FIL
_kFil.
_n0
999 _c6356
_d6356